Epistatic expression of quantitative trait loci (QTL) in Soybean [Glycine max(L.)Merr.] determined by QTL association with RFLP alleles (Record no. 58719)

MARC details
000 -LEADER
fixed length control field 00453nam a2200145Ia 4500
100 ## - MAIN ENTRY--AUTHOR NAME
Personal name Lark K G
245 #0 - TITLE STATEMENT
Title Epistatic expression of quantitative trait loci (QTL) in Soybean [Glycine max(L.)Merr.] determined by QTL association with RFLP alleles
260 ## - PUBLICATION, DISTRIBUTION, ETC. (IMPRINT)
Name of publisher Theoretical and Applied Genetics
Year of publication 1994
300 ## - PHYSICAL DESCRIPTION
Number of Pages 486-489
650 ## - SUBJECT ADDED ENTRY--TOPICAL TERM
Topical Term RFLP
700 ## - ADDED ENTRY--PERSONAL NAME
Personal name Mansur L M
700 ## - ADDED ENTRY--PERSONAL NAME
Personal name Orf J
942 ## - ADDED ENTRY ELEMENTS (KOHA)
Koha item type Journals
Holdings
Withdrawn status Lost status Damaged status Not for loan Home library Current library Shelving location Date acquired Serial Enumeration / chronology Koha item type
      Journals RRII Library RRII Library RFLP 17/12/2021 Volume 88, Issue 04-Mar Journals